000
00284nam a2200109Ia 4500
008
220216s9999 xx 000 0 und d
100
_a
Krieger Bernard
245
0
_a
Advances in microwave curing technology
260
_b
Rubber and Plastics News
_c
1993
300
_a
71-77
942
_c
JS
999
_c
53876
_d
53876